Sports Quiz

Random Sports or MLB Quiz

MLB +55 Home Run Seasons (Clickable) Quiz Stats

 Plays Quiz not verified by Sporcle

Challenge
Share
Tweet
Embed
Score 0/11 Timer 02:00
0 Plays Today
% Correct
Barry Bonds
95.9%
Sammy Sosa
95.9%
Mark McGwire
95.5%
Roger Maris
89.8%
Alex Rodriguez
83.6%
Ryan Howard
83.2%
Ken Griffey Jr.
82%
Hank Greenberg
73.4%
Jimmie Foxx
69.3%
Luis Gonzalez
66%
Hack Wilson
61.5%

You're not logged in!

Compare scores with friends on all Sporcle quizzes.
Join for Free
OR
Log In

You Might Also Like...

Show Comments

Extras

Top Quizzes Today


Score Distribution

Your Account Isn't Verified!

In order to create a playlist on Sporcle, you need to verify the email address you used during registration. Go to your Sporcle Settings to finish the process.

Report this User

Report this user for behavior that violates our Community Guidelines.

Details: